Countries Containing J - One Minute Sprint - Statistics

General Stats
  • This quiz has been taken 75 times
  • The average score is 5 of 7
Answer Stats
country % Correct
Japan
94%
Jamaica
84%
Jordan
81%
Azerbaijan
75%
Djibouti
66%
Tajikistan
65%
Fiji
62%
No matching quizzes found
Score Distribution
Percent of People with Each Score
Percentile by Number Answered
Your Score History
You have not taken this quiz